| 000 | 00380 a2200133 4500 | ||
|---|---|---|---|
| 000 | nam a22 7a 4500 | ||
| 100 | _aSEWA SINGH BAJWA | ||
| 110 | _aSEWA SINGH BAJWA | ||
| 245 | _aBHARTIYA SEEMA SURAKSHA MEIN SEEMA SURAKSHA BAL KA YOGDAN | ||
| 250 | _alatest edition | ||
| 260 |
_bरुद्रांश _c2025 |
||
| 264 |
_bरुद्रांश _c2025 |
||
| 942 | _cBK | ||
| 999 |
_c395368 _d395368 |
||